[Event "TCh-FRA Top 12 2019"]
[Site "Brest FRA"]
[Date "2019.05.28"]
[Round "11.3"]
[Board "6"]
[White "Cappon, John"]
[Black "Guichard, Pauline"]
[Result "0-1"]
[BlackTitle "WGM"]
[WhiteElo "2094"]
[BlackElo "2430"]
[WhiteTeam "T H F Saint-Quentin"]
[BlackTeam "Clichy-Echecs-92"]
[WhiteFideId "608459"]
[BlackFideId "639370"]
[EventDate "2019.05.18"]

1. e4 e5 2. Bc4 Nf6 3. d3 Nc6 4. Nf3 h6 5. c3 d6 6. Nbd2 g6 7. b4 Bg7 8. Qb3 O-O
9. O-O a5 10. Re1 axb4 11. cxb4 Bd7 12. a4 Nh5 13. Bd5 Nf4 14. Bxc6 Bxc6 15. Nc4
b5 16. Na5 bxa4 17. Qc4 Bd7 18. Bxf4 exf4 19. e5 g5 20. d4 Re8 21. exd6 Rxe1+
22. Rxe1 cxd6 23. d5 Qb6 24. Nc6 a3 0-1

[Event "TCh-FRA Top 12 2019"]
[Site "Brest FRA"]
[Date "2019.05.28"]
[Round "11.3"]
[Board "7"]
[White "Harutyunyan, Ruben"]
[Black "Ringuet, Noe"]
[Result "1-0"]
[WhiteTitle "FM"]
[WhiteElo "2315"]
[BlackElo "2143"]
[WhiteTeam "Clichy-Echecs-92"]
[BlackTeam "T H F Saint-Quentin"]
[WhiteFideId "26042410"]
[BlackFideId "685542"]
[EventDate "2019.05.18"]

1. e4 c5 2. Nf3 Nc6 3. d4 cxd4 4. Nxd4 e5 5. Nb5 d6 6. c4 f5 7. exf5 Bxf5 8. Bd3
Be6 9. O-O Nf6 10. N1c3 a6 11. Na3 Be7 12. Nc2 O-O 13. Ne3 Nd4 14. b3 Qd7 15.
Ncd5 Nxd5 16. cxd5 Bf7 17. Bb2 Bg5 18. f4 Bxf4 19. Nc4 b5 20. Nb6 Qb7 21. Bxd4
exd4 22. Nxa8 Bxd5 23. Rxf4 Rxf4 24. Qh5 Qxa8 25. Qxh7+ Kf8 26. Re1 Bg8 27. Qh5
Rf6 28. Bg6 Re6 29. Qf5+ Rf6 30. Qd7 Bf7 31. Bxf7 Rxf7 32. Qxd6+ Kg8 33. Qxd4
Qc6 34. h3 Rf6 35. Qe4 Qc5+ 36. Qe3 Qc2 37. Qe8+ Rf8 38. Qe6+ Kh8 39. Re4 Qc1+
40. Kh2 Qc7+ 41. Qe5 Qxe5+ 42. Rxe5 Rf2 43. a4 b4 44. Re3 Rb2 45. Kg3 Kg8 46.
Kf3 Kf7 47. g3 a5 48. Kf4 Kf6 49. h4 Rf2+ 50. Rf3 Rb2 51. g4 g6 52. Ke4+ Kg7 53.
Kd4 Rh2 54. Kc4 Rxh4 55. Kb5 Rxg4 56. Kxa5 g5 57. Kb5 Rf4 58. Rxf4 gxf4 59. Kc4 1-0

[Event "TCh-FRA Top 12 2019"]
[Site "Brest FRA"]
[Date "2019.05.28"]
[Round "11.3"]
[Board "8"]
[White "Bolon, Karelle"]
[Black "Rakotomaharo, Fy Antenaina"]
[Result "0-1"]
[WhiteTitle "WFM"]
[BlackTitle "IM"]
[WhiteElo "2018"]
[BlackElo "2410"]
[WhiteTeam "T H F Saint-Quentin"]
[BlackTeam "Clichy-Echecs-92"]
[WhiteFideId "634514"]
[BlackFideId "13100050"]
[EventDate "2019.05.18"]

1. d4 Nf6 2. Bg5 d5 3. e3 c5 4. c3 e6 5. Nf3 Nbd7 6. Nbd2 Qc7 7. Bf4 Bd6 8. Bxd6
Qxd6 9. Be2 b6 10. a3 O-O 11. O-O Bb7 12. Re1 a6 13. Bd3 Ne4 14. Bxe4 dxe4 15.
Nc4 Qd5 16. Nfe5 Nxe5 17. Nxb6 Qc6 18. Nxa8 Nd3 19. Re2 Rxa8 20. b4 cxd4 21.
cxd4 Rc8 22. h3 Qc3 23. Raa2 Qc1 24. Red2 Bd5 25. Ra1 Qc3 26. Re2 Nc1 27. Re1
Qxa1 0-1

[Event "TCh-FRA Top 12 2019"]
[Site "Brest FRA"]
[Date "2019.05.28"]
[Round "11.4"]
[Board "1"]
[White "Nihal, Sarin"]
[Black "Rodshtein, Maxim"]
[Result "1/2-1/2"]
[WhiteTitle "GM"]
[BlackTitle "GM"]
[WhiteElo "2598"]
[BlackElo "2699"]
[WhiteTeam "Mulhouse Philidor"]
[BlackTeam "Bischwiller"]
[WhiteFideId "25092340"]
[BlackFideId "2806851"]
[EventDate "2019.05.18"]

1. Nf3 c5 2. c4 Nc6 3. d4 cxd4 4. Nxd4 Nf6 5. Nc3 e6 6. g3 Qb6 7. Ndb5 Ne5 8.
Bg2 a6 9. Qa4 Rb8 10. Na3 Bc5 11. O-O O-O 12. Rb1 d6 13. b4 Bd4 14. Qb3 Bd7 15.
e3 Bxc3 16. Qxc3 Rfc8 17. c5 Qc7 18. Bb2 b6 19. Rfc1 bxc5 20. bxc5 Nd5 21. Qd4
Rxb2 22. Rxb2 dxc5 23. Qd2 c4 24. Rbc2 Ba4 25. Rxc4 Nxc4 26. Rxc4 Qd7 27. Rd4
Qe8 28. Nc4 Rb8 29. Be4 1/2-1/2

[Event "TCh-FRA Top 12 2019"]
[Site "Brest FRA"]
[Date "2019.05.28"]
[Round "11.4"]
[Board "3"]
[White "Smith, Axel"]
[Black "Naiditsch, Arkadij"]
[Result "0-1"]
[WhiteTitle "GM"]
[BlackTitle "GM"]
[WhiteElo "2481"]
[BlackElo "2682"]
[WhiteTeam "Mulhouse Philidor"]
[BlackTeam "Bischwiller"]
[WhiteFideId "1707930"]
[BlackFideId "4650891"]
[EventDate "2019.05.18"]

1. c4 e5 2. Nc3 Nc6 3. Nf3 g6 4. d4 exd4 5. Nxd4 Bg7 6. Nxc6 bxc6 7. g3 Ne7 8.
Bg2 O-O 9. O-O d6 10. Bg5 h6 11. Bxe7 Qxe7 12. Bxc6 Rb8 13. Qd2 Qg5 14. Qxg5
hxg5 15. Rab1 Bf5 16. Be4 Bxe4 17. Nxe4 Rfe8 18. Nc3 Rb4 19. Rfc1 Bxc3 20. bxc3
Rxc4 21. Rc2 Re5 22. Rb4 Rec5 23. Rxc4 Rxc4 24. Kf1 Kg7 25. Ke1 Kf6 26. Kd2 Ra4
27. Rb2 c5 28. Kc2 Ra3 29. h3 Ke6 30. Kd3 d5 31. e3 f6 32. f3 Ra4 33. Re2 Kd6
34. Rb2 Ra6 35. f4 Ra4 36. h4 gxh4 37. gxh4 Ke6 38. Rg2 Kf5 39. Rh2 Kg4 40. f5
Kxf5 41. h5 gxh5 42. Rxh5+ Ke6 43. Rh8 Rxa2 44. e4 dxe4+ 45. Kxe4 Ra4+ 46. Kd3
f5 47. Rc8 Kd6 48. Rd8+ Ke5 49. Rc8 Ra5 50. Ke3 f4+ 51. Kd3 Kf5 52. Rg8 Ra2 53.
Rc8 Kg4 54. Rxc5 f3 55. Rc7 f2 56. Rf7 Kg3 57. Rg7+ Kh2 58. Rh7+ Kg2 59. Rg7+
Kf1 60. Re7 Ra1 61. Rg7 Ke1 62. Re7+ Kd1 63. Rf7 Ra2 64. c4 Ra3+ 65. Kd4 Ke2 66.
Re7+ Kf3 67. Rf7+ Kg2 68. c5 f1=Q 69. Rxf1 Kxf1 70. c6 Ra1 71. Kd5 Rc1 72. Kd6
a5 73. c7 a4 74. Kd7 a3 75. c8=Q Rxc8 76. Kxc8 a2 0-1

[Event "TCh-FRA Top 12 2019"]
[Site "Brest FRA"]
[Date "2019.05.28"]
[Round "11.4"]
[Board "4"]
[White "Ragger, Markus"]
[Black "Sokolov, Andrei1"]
[Result "1-0"]
[WhiteTitle "GM"]
[BlackTitle "GM"]
[WhiteElo "2682"]
[BlackElo "2496"]
[WhiteTeam "Bischwiller"]
[BlackTeam "Mulhouse Philidor"]
[WhiteFideId "1610856"]
[BlackFideId "627089"]
[EventDate "2019.05.18"]

1. e4 d5 2. exd5 Qxd5 3. Nc3 Qd8 4. d4 Nf6 5. Nf3 e6 6. Bd3 Nbd7 7. Qe2 Be7 8.
Be3 a6 9. Ne5 Nxe5 10. dxe5 Nd5 11. Bd2 Bg5 12. O-O Bxd2 13. Qxd2 Nb4 14. Rad1
Nxd3 15. Qe3 Bd7 16. Rxd3 Qe7 17. Rfd1 Bc6 18. Ne4 O-O 19. Nf6+ Kh8 20. Qg5 Rfd8
21. Nxh7 Rxd3 22. cxd3 Qxg5 23. Nxg5 Kg8 24. f4 Bd5 25. a3 Rd8 26. Kf2 f6 27.
exf6 gxf6 28. Nf3 c5 29. h4 Kf7 30. g3 Rd6 31. Rd2 Rb6 32. Ng1 e5 33. Ne2 Be6
34. Ke3 Bf5 35. Nc3 exf4+ 36. Kxf4 Bg6 37. Ne4 Rc6 38. g4 c4 39. h5 Bh7 40. d4
Re6 41. Nc5 Re1 42. d5 1-0

[Event "TCh-FRA Top 12 2019"]
[Site "Brest FRA"]
[Date "2019.05.28"]
[Round "11.4"]
[Board "6"]
[White "Maze, Sebastien"]
[Black "Burri, Quentin"]
[Result "1-0"]
[WhiteTitle "GM"]
[BlackTitle "IM"]
[WhiteElo "2579"]
[BlackElo "2425"]
[WhiteTeam "Bischwiller"]
[BlackTeam "Mulhouse Philidor"]
[WhiteFideId "613762"]
[BlackFideId "26028654"]
[EventDate "2019.05.18"]

1. e4 c5 2. Nf3 d6 3. Bb5+ Nd7 4. Ba4 Nf6 5. O-O a6 6. c4 g6 7. Nc3 Bg7 8. d3
O-O 9. h3 b6 10. Bg5 Bb7 11. Rb1 h6 12. Be3 e6 13. Qd2 Kh7 14. b4 Qc7 15. Rfc1
Rfd8 16. a3 Rac8 17. Rb3 Ba8 18. Rcb1 cxb4 19. Rxb4 d5 20. exd5 exd5 21. Bxd7
Nxd7 22. Nxd5 Bxd5 23. cxd5 Bc3 24. Qa2 Bxb4 25. d6 Bxd6 26. Qxf7+ Kh8 27. Bd4+
Ne5 28. Nxe5 Bxe5 29. Qxc7 Rxc7 30. Bxe5+ Rg7 31. Rxb6 Kh7 32. Bxg7 Kxg7 33.
Rxa6 Rxd3 34. h4 h5 35. g3 Rb3 36. Ra7+ Kf6 37. Kg2 Rc3 38. a4 Ra3 39. Ra8 Kf7
40. a5 Kg7 41. a6 Kf7 42. Kf1 Ra2 43. Ke1 Kg7 44. Kd1 Rxf2 45. Kc1 g5 46. Kb1
gxh4 47. a7 hxg3 48. Rg8+ Kxg8 49. a8=Q+ Kg7 50. Qd8 g2 51. Qc7+ Kh8 52. Qc3+
Kh7 53. Qd3+ 1-0

[Event "TCh-FRA Top 12 2019"]
[Site "Brest FRA"]
[Date "2019.05.28"]
[Round "11.4"]
[Board "8"]
[White "Maisuradze, Nino"]
[Black "Haussernot, Cecile"]
[Result "1/2-1/2"]
[WhiteTitle "WGM"]
[BlackTitle "WIM"]
[WhiteElo "2179"]
[BlackElo "2097"]
[WhiteTeam "Bischwiller"]
[BlackTeam "Mulhouse Philidor"]
[WhiteFideId "13601717"]
[BlackFideId "601632"]
[EventDate "2019.05.18"]

1. d4 e6 2. c4 f5 3. g3 Nf6 4. Bg2 Bb4+ 5. Nd2 O-O 6. Nf3 a5 7. O-O b6 8. a3 Be7
9. Ne5 Ra7 10. b3 Bb7 11. Bb2 Qe8 12. e3 Bxg2 13. Kxg2 d6 14. Nd3 Qc6+ 15. f3
Nbd7 16. Qe2 b5 17. Nf4 bxc4 18. Rac1 Rb8 19. Qxc4 Qxc4 20. Rxc4 Kf7 21. Rfc1 g5
22. Nd3 Bd8 23. Kf2 g4 24. Ne1 gxf3 25. Nexf3 Nb6 26. Rc6 Ng4+ 27. Ke2 Nd5 28.
h3 Ngxe3 29. Kf2 Bf6 30. Ne1 h5 31. Nef3 Rg8 32. Rg1 Rg7 33. Rcc1 Rb7 34. Rce1
Nc2 35. Re2 c5 36. Nc4 Nxd4 37. Bxd4 cxd4 38. Nxd6+ Kg6 39. Nxb7 Rxb7 40. Rxe6
Kf7 41. Rd6 Nc3 42. Rxf6+ Kxf6 43. Nxd4 Rd7 44. Nf3 Rd3 45. Kg2 Ne4 46. b4 Rxa3
47. bxa5 Rxa5 48. Kh2 Ra3 49. Nh4 Kg5 50. Nxf5 Kxf5 51. g4+ Kf4 52. gxh5 Ra2+
53. Rg2 Nd2 54. h4 Nf3+ 55. Kh3 Ra1 56. Rg4+ Ke3 57. Rb4 Rh1+ 58. Kg3 Rg1+ 59.
Kh3 Nd4 60. h6 Kf3 61. Kh2 Rg2+ 62. Kh3 Rg3+ 63. Kh2 Rg2+ 64. Kh3 Rg3+ 1/2-1/2

[Event "TCh-FRA Top 12 2019"]
[Site "Brest FRA"]
[Date "2019.05.28"]
[Round "11.5"]
[Board "1"]
[White "Karthikeyan, Murali"]
[Black "Cornette, Deimante"]
[Result "1-0"]
[WhiteTitle "GM"]
[BlackTitle "IM"]
[WhiteElo "2596"]
[BlackElo "2433"]
[WhiteTeam "Cannes Echecs"]
[BlackTeam "C.E.M.C. Monaco"]
[WhiteFideId "5074452"]
[BlackFideId "12802859"]
[EventDate "2019.05.18"]

1. Nf3 d5 2. g3 g6 3. Bg2 Bg7 4. d4 c6 5. O-O Nf6 6. Nbd2 O-O 7. c4 b5 8. cxb5
cxb5 9. Ne5 Bb7 10. Nb3 Nbd7 11. Bf4 Qb6 12. Rc1 Rfc8 13. Qd3 Nxe5 14. Bxe5 Nd7
15. Bxg7 Kxg7 16. Nc5 Nf6 17. Qe3 Re8 18. Qe5 Bc6 19. b4 Kg8 20. Rc3 Rad8 21.
Rfc1 Rd6 22. Ra3 Bb7 23. Bh3 Bc8 24. Bxc8 Rxc8 25. Qxe7 Re6 26. Qxa7 Qxa7 27.
Rxa7 Rxe2 28. Rc3 Ng4 29. Rf3 f5 30. h3 Nh6 31. Re3 Rxe3 32. fxe3 Nf7 33. Kf2
Nd6 34. Kf3 Nc4 35. Nd7 Rc6 36. Kf4 Re6 37. Kg5 Rxe3 38. Nf6+ Kf8 39. Nxh7+ Ke8
40. Nf6+ Kf8 41. g4 Nd6 42. Kxg6 f4 43. Ra8+ Ne8 44. Nxd5 Re4 45. Kf5 Rxd4 46.
Nf6 f3 47. Rxe8+ Kf7 48. Re1 1-0

[Event "TCh-FRA Top 12 2019"]
[Site "Brest FRA"]
[Date "2019.05.28"]
[Round "11.5"]
[Board "3"]
[White "Tabatabaei, M.amin"]
[Black "Villegas, Pierre"]
[Result "1-0"]
[WhiteTitle "GM"]
[BlackTitle "IM"]
[WhiteElo "2610"]
[BlackElo "2354"]
[WhiteTeam "Cannes Echecs"]
[BlackTeam "C.E.M.C. Monaco"]
[WhiteFideId "12521213"]
[BlackFideId "654183"]
[EventDate "2019.05.18"]

1. Nf3 d5 2. d4 e6 3. c4 a6 4. Bg5 Be7 5. Bxe7 Qxe7 6. Nbd2 Nf6 7. g3 O-O 8. Bg2
Rd8 9. Rc1 Nc6 10. O-O Ne4 11. e3 Nxd2 12. Nxd2 Qe8 13. a3 dxc4 14. Nxc4 Bd7 15.
b4 Rab8 16. Qc2 Rdc8 17. Rfe1 Qe7 18. h4 Be8 19. Red1 Rd8 20. Nb2 Rdc8 21. Nd3
Nd8 22. Ne5 f6 23. Nd3 Bg6 24. Qb3 Bxd3 25. Rxd3 c6 26. Bh3 Rc7 27. e4 Kh8 28.
Re1 e5 29. dxe5 Qxe5 30. Red1 Qe8 31. Rd7 Rxd7 32. Rxd7 Qxe4 33. Qd1 Qe8 34. Qd6
Ra8 35. Re7 1-0

[Event "TCh-FRA Top 12 2019"]
[Site "Brest FRA"]
[Date "2019.05.28"]
[Round "11.5"]
[Board "4"]
[White "Efimov, Igor"]
[Black "Lamard, Guillaume"]
[Result "1/2-1/2"]
[WhiteTitle "GM"]
[BlackTitle "FM"]
[WhiteElo "2439"]
[BlackElo "2405"]
[WhiteTeam "C.E.M.C. Monaco"]
[BlackTeam "Cannes Echecs"]
[WhiteFideId "806404"]
[BlackFideId "600261"]
[EventDate "2019.05.18"]

1. d4 Nf6 2. Bg5 c5 3. Nc3 cxd4 4. Qxd4 Qa5 5. Bd2 Nc6 6. Qh4 d5 7. e4 d4 8. Nd5
Qd8 9. Bc4 e6 10. Nxf6+ Qxf6 11. Qxf6 gxf6 12. f4 Rg8 13. g3 Bc5 14. a3 a5 15.
Nf3 Ke7 16. O-O-O b6 17. Be1 Bb7 18. Bf2 Rad8 19. Rhe1 Rd6 20. Rd2 h5 21. Red1
Rgd8 22. Be2 Ba8 23. Ne1 a4 24. Bxh5 Na5 25. e5 fxe5 26. fxe5 R6d7 27. g4 Kf8
28. Bh4 Rc8 29. Nd3 Nb3+ 30. cxb3 Be7+ 31. Kb1 Bxh4 32. bxa4 Bg5 33. Rc2 Rxc2
34. Kxc2 Rc7+ 35. Kb3 Bf3 36. Rf1 Be2 37. Rxf7+ Rxf7 38. Bxf7 Kxf7 39. Kc4 Bc1
40. b4 Bxa3 41. a5 bxa5 42. bxa5 Bxg4 43. Kxd4 Bf3 44. a6 Kg6 45. Nc5 Kf5 46.
Nd7 Bc1 47. a7 Kf4 48. Kc5 Be3+ 49. Kd6 Kf5 50. Nf8 Bxa7 51. Nxe6 Bb8+ 52. Nc7
Bd1 53. Kc6 Bf3+ 54. Kd6 Bh5 55. Kc6 Bxc7 1/2-1/2

[Event "TCh-FRA Top 12 2019"]
[Site "Brest FRA"]
[Date "2019.05.28"]
[Round "11.5"]
[Board "5"]
[White "Bressac, Stephane"]
[Black "Kosten, Anthony C."]
[Result "1-0"]
[WhiteTitle "FM"]
[BlackTitle "GM"]
[WhiteElo "2358"]
[BlackElo "2419"]
[WhiteTeam "Cannes Echecs"]
[BlackTeam "C.E.M.C. Monaco"]
[WhiteFideId "655945"]
[BlackFideId "400114"]
[EventDate "2019.05.18"]

1. e4 e5 2. Nf3 Nc6 3. Nc3 Nf6 4. Bb5 Bc5 5. O-O O-O 6. Nxe5 Nxe5 7. d4 Bd6 8.
f4 Nc6 9. e5 Bb4 10. d5 Qe7 11. exf6 Qc5+ 12. Kh1 Bxc3 13. bxc3 Qxb5 14. dxc6
Qxc6 15. Ba3 d6 16. Qd3 Re8 17. Qg3 g6 18. Qg5 Kh8 19. Rf3 Bf5 20. Qh6 Rg8 21.
Re1 Rae8 22. Rfe3 Rxe3 23. Rxe3 Qb6 24. Bc1 Qb1 25. Re1 Qxc2 26. h3 Be4 27. Qg5
Re8 28. Kh2 d5 29. Ba3 c5 30. Bxc5 Qxc3 31. Qxd5 Qc2 32. Bf2 Qxf2 33. Rxe4 Rf8
34. Qd6 Kg8 35. Rc4 Qe2 36. Rc7 Qe4 37. a3 h6 38. Re7 Qc6 39. Qe5 Rd8 40. Rxf7
Qd6 41. Rg7+ Kh8 42. Rxg6 1-0

[Event "TCh-FRA Top 12 2019"]
[Site "Brest FRA"]
[Date "2019.05.28"]
[Round "11.5"]
[Board "6"]
[White "Sulava, Nenad"]
[Black "Giroyan, Gary"]
[Result "1-0"]
[WhiteTitle "GM"]
[BlackTitle "IM"]
[WhiteElo "2422"]
[BlackElo "2409"]
[WhiteTeam "C.E.M.C. Monaco"]
[BlackTeam "Cannes Echecs"]
[WhiteFideId "14500205"]
[BlackFideId "680281"]
[EventDate "2019.05.18"]

1. Nf3 g6 2. e4 Bg7 3. d4 d6 4. Be3 Nd7 5. c4 e5 6. Nc3 Ngf6 7. Be2 O-O 8. O-O
c6 9. d5 Qe7 10. Nd2 Ne8 11. g4 a5 12. Kh1 Bf6 13. Nf3 Nc5 14. Rg1 Bd7 15. Qd2
Bg7 16. Bg5 Bf6 17. Be3 Bg7 18. Qc2 Kh8 19. Rg3 f6 20. Rag1 Nc7 21. Nh4 cxd5 22.
cxd5 b5 23. f3 b4 24. Nd1 Rab8 25. Bc4 Nb5 26. Bxc5 dxc5 27. Nxg6+ hxg6 28. Rh3+
Bh6 29. Qd2 g5 30. Rxh6+ Kg7 31. Rh5 Nd4 32. Rg3 Rh8 33. d6 Qxd6 34. h4 Nf5 35.
Rg2 Qxd2 36. Rxd2 Nd4 37. Rxh8 Rxh8 38. h5 f5 39. exf5 Bc6 40. Kg2 Rd8 41. Ne3
Bxf3+ 42. Kg3 Be4 43. b3 Kf6 44. Rh2 Nf3 45. Rf2 Nd4 46. h6 Nc6 47. h7 Rh8 48.
Rh2 Kg7 49. Rh5 Rxh7 50. Rxg5+ Kf8 51. Rg8+ Ke7 52. g5 1-0

[Event "TCh-FRA Top 12 2019"]
[Site "Brest FRA"]
[Date "2019.05.28"]
[Round "11.5"]
[Board "7"]
[White "Genzling, Alain"]
[Black "Ribbegren, Karl Johan"]
[Result "1-0"]
[WhiteTitle "IM"]
[WhiteElo "2376"]
[BlackElo "2209"]
[WhiteTeam "Cannes Echecs"]
[BlackTeam "C.E.M.C. Monaco"]
[WhiteFideId "632708"]
[BlackFideId "5400040"]
[EventDate "2019.05.18"]

1. e4 d6 2. d4 Nf6 3. Nc3 g6 4. f4 Bg7 5. a3 O-O 6. Nf3 Na6 7. Be3 c5 8. Bxa6
Ng4 9. Bg1 cxd4 10. Bxd4 bxa6 11. Bxg7 Kxg7 12. h3 Nf6 13. Qd4 Bb7 14. O-O-O Qb6
15. g4 Kg8 16. Rhe1 Qxd4 17. Rxd4 Rfc8 18. Nd2 h5 19. e5 dxe5 20. fxe5 Ne8 21.
gxh5 gxh5 22. Rg1+ Kf8 23. Nde4 Rc6 24. Ng5 Rg6 25. h4 f6 26. exf6 Nxf6 27. Na4
Re8 28. Nc5 Bc8 29. Re1 Ng4 30. Nce6+ Bxe6 31. Nxe6+ Kf7 32. Ng5+ Kg8 33. Ne6
Nh6 34. Rd5 Kf7 35. Rxh5 Rxe6 36. Rxe6 Kxe6 37. Rxh6+ Kf5 38. Rxa6 e5 39. Rxa7
Kf4 40. Rf7+ Ke3 41. b4 Rh8 42. b5 Rxh4 43. b6 Rh1+ 44. Kb2 Rh6 45. b7 Rb6+ 46.
Kc1 e4 47. a4 Ke2 48. a5 1-0

[Event "TCh-FRA Top 12 2019"]
[Site "Brest FRA"]
[Date "2019.05.28"]
[Round "11.5"]
[Board "8"]
[White "Dornbusch, Tatiana"]
[Black "Verot, Melanie"]
[Result "1-0"]
[WhiteTitle "WGM"]
[WhiteElo "2285"]
[BlackElo "2069"]
[WhiteTeam "C.E.M.C. Monaco"]
[BlackTeam "Cannes Echecs"]
[WhiteFideId "14107449"]
[BlackFideId "631043"]
[EventDate "2019.05.18"]

1. Nf3 Nf6 2. g3 g6 3. Bg2 Bg7 4. O-O O-O 5. c4 d5 6. d3 c6 7. Qb3 Nbd7 8. Nc3
Qa5 9. Bd2 dxc4 10. Qxc4 Nb6 11. Qh4 Qh5 12. Qxh5 Nxh5 13. a4 a5 14. Be3 Nd7 15.
Nd2 f5 16. f4 e5 17. Nc4 Re8 18. Kh1 Ra6 19. Nd6 Rf8 20. Ra3 exf4 21. gxf4 g5
22. fxg5 f4 23. Bg1 Be5 24. Nxc8 Rxc8 25. Rb3 b6 26. Bh3 Rd8 27. Ne4 c5 28. Bg4
Ng7 29. Bxd7 Rxd7 30. Rxf4 c4 31. dxc4 Rd1 32. Nf6+ Kf7 33. Re4 Bd6 34. Rd3 Rxd3
35. exd3 Kg6 36. Ne8 Nxe8 37. Rxe8 Kxg5 38. Re6 Bb4 39. c5 Ra8 40. c6 Rc8 41. d4
Kg4 42. d5 h5 43. Kg2 h4 44. h3+ Kf5 45. Bxb6 Bd2 46. Be3 Bb4 47. Kf3 Rg8 48.
Bf4 Bc5 49. c7 Rc8 50. Re2 1-0

[Event "TCh-FRA Top 12 2019"]
[Site "Brest FRA"]
[Date "2019.05.28"]
[Round "11.6"]
[Board "1"]
[White "Movsesian, Sergei"]
[Black "Donchenko, Alexander"]
[Result "1/2-1/2"]
[WhiteTitle "GM"]
[BlackTitle "GM"]
[WhiteElo "2645"]
[BlackElo "2595"]
[WhiteTeam "Asnieres - Le Grand Echiquier"]
[BlackTeam "Vandoeuvre-Echecs"]
[WhiteFideId "310204"]
[BlackFideId "24603295"]
[EventDate "2019.05.18"]

1. e4 c5 2. Nf3 d6 3. Bb5+ Nd7 4. d4 cxd4 5. Qxd4 a6 6. Bxd7+ Bxd7 7. Nc3 e6 8.
O-O Nf6 9. e5 dxe5 10. Nxe5 Bb5 11. Nxb5 axb5 12. Qxd8+ Rxd8 13. a3 1/2-1/2

[Event "TCh-FRA Top 12 2019"]
[Site "Brest FRA"]
[Date "2019.05.28"]
[Round "11.6"]
[Board "2"]
[White "Solodovnichenko, Yuri"]
[Black "Landa, Konstantin"]
[Result "1-0"]
[WhiteTitle "GM"]
[BlackTitle "GM"]
[WhiteElo "2572"]
[BlackElo "2622"]
[WhiteTeam "Vandoeuvre-Echecs"]
[BlackTeam "Asnieres - Le Grand Echiquier"]
[WhiteFideId "14104369"]
[BlackFideId "4101685"]
[EventDate "2019.05.18"]

1. e4 c6 2. d4 d5 3. e5 c5 4. dxc5 e6 5. Qg4 Nd7 6. Bb5 Qc7 7. Nf3 Qxc5 8. Nc3
Qb4 9. Qg3 a6 10. a3 Qa5 11. Be2 d4 12. b4 Qc7 13. Ne4 Qxc2 14. Nfg5 Nh6 15. Bd3
Qc7 16. Bf4 Nf5 17. Qh3 h6 18. Rc1 Qb6 19. Nf3 a5 20. g4 axb4 21. gxf5 exf5 22.
Nd6+ Bxd6 23. exd6 Nc5 24. Nxd4 O-O 25. Rg1 Nxd3+ 26. Qxd3 Rxa3 27. Be5 g5 28.
Qd2 f6 29. Bxf6 Re8+ 30. Ne2 Bd7 31. Bxg5 1-0

[Event "TCh-FRA Top 12 2019"]
[Site "Brest FRA"]
[Date "2019.05.28"]
[Round "11.6"]
[Board "3"]
[White "Gozzoli, Yannick"]
[Black "Bailet, Pierre"]
[Result "1-0"]
[WhiteTitle "GM"]
[BlackTitle "IM"]
[WhiteElo "2622"]
[BlackElo "2466"]
[WhiteTeam "Asnieres - Le Grand Echiquier"]
[BlackTeam "Vandoeuvre-Echecs"]
[WhiteFideId "616915"]
[BlackFideId "655830"]
[EventDate "2019.05.18"]

1. d4 d5 2. c4 e6 3. Nc3 Be7 4. cxd5 exd5 5. Bf4 c6 6. e3 Bf5 7. Nge2 Qb6 8. Qd2
Nd7 9. Ng3 Bg6 10. h4 h5 11. Bd3 Nf8 12. Nf5 Bxf5 13. Bxf5 g6 14. Bd3 Nf6 15.
O-O-O O-O-O 16. Be5 N8d7 17. Bg3 Nf8 18. f3 Bd6 19. Bf2 Qa5 20. Kb1 Kb8 21. Rhf1
Ne6 22. Ne2 Qxd2 23. Rxd2 Rhe8 24. a3 Re7 25. b4 Nc7 26. Nc3 Rde8 27. Re2 a5 28.
bxa5 Bxa3 29. Ra2 Bb4 30. Kc2 c5 31. Rb1 Bxc3 32. Kxc3 c4 33. Bc2 Rxe3+ 34. Bxe3
Rxe3+ 35. Kd2 Re6 36. Rab2 1-0

[Event "TCh-FRA Top 12 2019"]
[Site "Brest FRA"]
[Date "2019.05.28"]
[Round "11.6"]
[Board "4"]
[White "Hamitevici, Vladimir"]
[Black "Moussard, Jules"]
[Result "0-1"]
[WhiteTitle "GM"]
[BlackTitle "GM"]
[WhiteElo "2476"]
[BlackElo "2583"]
[WhiteTeam "Vandoeuvre-Echecs"]
[BlackTeam "Asnieres - Le Grand Echiquier"]
[WhiteFideId "13902393"]
[BlackFideId "642908"]
[EventDate "2019.05.18"]

1. e4 g6 2. d4 Bg7 3. Nc3 a6 4. h4 d5 5. Nxd5 e6 6. Ne3 Qxd4 7. Qxd4 Bxd4 8. h5
Nd7 9. f4 Bg7 10. e5 f6 11. exf6 Ndxf6 12. hxg6 hxg6 13. Rxh8 Bxh8 14. Bd3 Ne7
15. Nf3 Nd7 16. c3 Nc5 17. Bc2 b6 18. Bd2 Bb7 19. O-O-O Bxf3 20. gxf3 Rd8 21.
Be1 Rxd1+ 22. Kxd1 Nf5 23. Ng4 Nd7 24. a4 Ke7 25. b4 b5 26. a5 Kd6 27. Kd2 Bg7
28. Bf2 Ne7 29. Bg3 Nd5 30. f5+ Ke7 31. Bh4+ Kf7 32. fxg6+ Kg8 33. Bb3 Bxc3+ 34.
Kd3 Bxb4 35. Bxd5 exd5 36. f4 Bd6 37. f5 Ne5+ 38. Nxe5 Bxe5 39. f6 c5 40. Kc2
Bd4 41. Bg5 Be5 42. Bh4 c4 43. Bg5 b4 44. f7+ Kf8 45. Bd2 b3+ 46. Kb1 c3 47. Bc1
c2# 0-1

[Event "TCh-FRA Top 12 2019"]
[Site "Brest FRA"]
[Date "2019.05.28"]
[Round "11.6"]
[Board "5"]
[White "Cornette, Matthieu"]
[Black "Brunner, Nicolas"]
[Result "1-0"]
[WhiteTitle "GM"]
[BlackTitle "IM"]
[WhiteElo "2553"]
[BlackElo "2422"]
[WhiteTeam "Asnieres - Le Grand Echiquier"]
[BlackTeam "Vandoeuvre-Echecs"]
[WhiteFideId "620084"]
[BlackFideId "620246"]
[EventDate "2019.05.18"]

1. e4 c5 2. Nc3 Nc6 3. Nf3 e5 4. Bc4 Be7 5. d3 Nf6 6. Nd2 O-O 7. Nf1 d6 8. Ne3
a6 9. a4 Nb4 10. O-O Be6 11. Re1 Re8 12. Bd2 Bf8 13. a5 g6 14. Bxe6 fxe6 15. Nc4
Qc7 16. Ne2 d5 17. Nb6 Rad8 18. Ng3 Nc6 19. Bg5 Bg7 20. Qd2 Rd6 21. Qc3 Nd4 22.
Bxf6 Bxf6 23. b4 Rc6 24. exd5 cxb4 25. Qd2 Rxc2 26. Qxb4 exd5 27. Nxd5 Qf7 28.
Nxf6+ Qxf6 29. Ne4 Qe7 30. Qa4 Rec8 31. Rab1 Kh8 32. Kh1 Nb5 33. h3 R8c7 34. Qb3
Nd4 35. Qa4 Nb5 36. Kh2 R7c6 37. Re3 Nd4 38. Rb4 Qc7 39. Re1 Rc1 40. Rxc1 Rxc1
41. Qe8+ Kg7 42. Rxb7 Nf3+ 43. gxf3 Qxb7 44. Qxe5+ Kg8 45. Kg2 Qc7 46. Qe6+ Kg7
47. Qxa6 Qe5 48. Qa7+ Kh8 49. Qd7 Qa1 50. Qe8+ Kg7 51. Qe7+ Kh6 52. Qf8+ 1-0